000 01314nam a2200313Ia 4500
999 _c5503
_d5503
003 OSt
005 20200618192219.0
008 191128s1952 sp gr 001 0 spa d
040 _aCO-JMCR
_cCO-JMCR
041 1 _aspa
_hfr
082 0 4 _a330.15 /
_bG655h
_223
100 1 _aGonnard, Rene,
_eautor
_95788
245 1 0 _aHistoria de las doctrinas económicas /
_cRene Gonnard ; traducción de J. Campo Moreno ; revisada y ampliada con arreglo a la última edición francesa, de 1947, por Inocencia Rodriguez-Mellado
250 _aCuarta edición
260 _aMadrid :
_bAguilar,
_c1952.
300 _axxiii, 664 páginas ;
_c21 cm.
490 0 _aBiblioteca de ciencias sociales. Sección primera: economía
500 _aÍndice alfabético páginas 647-664.
505 0 _aEdad antigua y edad media -- El mercantilismo -- La fisiocracia -- La escuela liberal -- El socialismo en los siglos XIX y XX -- Escuelas realistas
534 _pHistoire des doctrines economiques
546 _aTraducido del francés
650 1 4 _aDoctrinas económicas
_94597
650 2 4 _aHistoria económica
_95789
650 2 4 _aEconomía Socialismo
_91764
650 2 4 _a Mercantilismo
_95790
700 1 _aCampo Moreno, J.,
_etraductor
_95791
700 1 _aRodriguez-Mellado, Inocencia,
_erevisora
_95792
942 _2ddc
_cBK